[Radlinský, Milan]

Zobrazenie: Podobizeň právnika Milana Radlinského (12.5.1870 Dolný Kubín - 30.10.1935 Praha, Česko, poch. v Dolnom Kubíne).

Bibliographic Details
Format: Photo
Language:Slovak
PhysicalDescription:1 fotografia čiernobiela 14 x 9 cm
Published: [S.l. s.n. s.a.]
Subjects:

MARC

LEADER 00000nkmaa2200000 a 4500
001 vtls011983669
003 SK-MaSNL
005 20260301145703.0
007 kh bo
008 230802n xx | |||0 k|slo
035 |a urn:nbn:sk:snk-km00ejlk 
035 |a urn:nbn:sk:snk-km45vwx 
035 |a A900C1A5-0772-406A-80EE-4371CA9AF229 
040 |a SNKLA  |b slo  |c SNKLA  |e AACR2 
041 0 |a slo 
044 |a xx 
245 0 0 |a [Radlinský, Milan]  |h grafika 
260 |a [S.l.  |b s.n.  |c s.a.] 
300 |a 1 fotografia  |b čiernobiela  |c 14 x 9 cm 
520 2 |a Zobrazenie: Podobizeň právnika Milana Radlinského (12.5.1870 Dolný Kubín - 30.10.1935 Praha, Česko, poch. v Dolnom Kubíne). 
600 1 7 |a Radlinský, Milan,  |d 1870-1935  |2 SNKMA  |9 191737 
655 7 |a portrétne fotografie  |2 SNKPH  |9 305796 
852 7 |a Slovenská národná knižnica v Martine  |b Literárny archív 
958 |a ZO 
958 |a BLA 
999 |c 780985  |d 782915 
952 |a SNKLA  |b SNKLA  |c SNKLA_DEP  |y NEVYP  |7 0  |p 17A1311150  |o snkSR 1/56  |i snkLA 4298/1978  |0 0  |1 0  |4 0  |d 2020-07-24  |f 1  |l 0  |r 2026-02-24 01:04:11  |w 2026-02-24